[Event "Marienbad Open-B2 2019"]
[Site "Marianske Lazne"]
[Date "2019.01.19"]
[Round "1.16"]
[White "Lukasiewicz, Krzysztof"]
[Black "Hesse, Henrik"]
[Result "1-0"]
[WhiteElo "2223"]
[BlackElo "2166"]
[Annotator "TA"]
[PlyCount "89"]
[EventDate "2019.01.17"]
[EventType "tourn"]
[EventCountry "CZE"]
[SourceTitle "playchess.com"]
[Source "ChessBase"]
[SourceQuality "1"]

{[%evp 34,89,58,37,58,57,62,60,63,54,80,68,84,43,30,18,41,34,47,4,74,43,57,55,79,22,31,22,27,0,0,0,0,-96,-96,-96,-94,-95,0,-65,226,26,115,105,141,142,1252,1248,1232,1198,1019,1016,987,658,29992,29993,29996,29997]} 1. e4 c5 2. Nf3 e6 3. d4 cxd4 4. Nxd4 Nc6 5. Nc3 Qc7 6. g3 a6 7. Bg2 Nf6 8. O-O Nxd4 9. Qxd4 Bc5 10. Bf4 d6 11. Qd2 h6 12. Rad1 e5 13. Be3 Be6 {B47: Sicilian: Taimanov: 5 Nc3 Qc7 6 f4, 6 g3 and 6 Be2} (13... Bg4 14. Bxc5 dxc5 15. Qd6 Qxd6 16. Rxd6 Nd7 17. f4 O-O-O 18. Nd5 Be6 19. Rd1 Nf6 20. fxe5 Nd7 21. Nf4 Nxe5 22. Nxe6 fxe6 {½-½ (30) Balogh,C (2629)-Miton,K (2590) Slovakia 2018}) 14. Bxc5 dxc5 15. Nd5 Bxd5 16. exd5 Qd6 17. c4 O-O 18. Rfe1 {LiveBook: 6 Publish game on website} Rfe8 19. Re2 Re7 20. Rde1 Rae8 21. Qa5 $146 ({You set blue moves yourself with the critical opening position annotation.:} 21. Qc2) 21... e4 22. Re3 b5 23. cxb5 axb5 24. Qxb5 Qxd5 25. a4 Qe5 26. b3 {Threatening &Le4.} Rb8 (26... Qd4 $11) 27. Qc4 {[%cal Rg2e4]} Rb4 28. Qc2 Qd5 29. Rd1 (29. Rc1 $16) 29... Rd4 $11 30. Rc1 Re5 31. h3 Rd2 32. Qc4 Qd4 33. Rc2 (33. Qc3 $11 {keeps the balance.}) 33... Rd1+ $17 34. Kh2 Rh5 {[%cal Rf6g4]} 35. Qe2 {[%cal Re3e4]} Qa1 (35... g6 $1 $17) 36. f3 (36. h4 $11) 36... g5 $2 {[%mdl 8192]} (36... Qd4 $1 $15 {stays ahead.} 37. Qf2 Qd5) 37. Rd2 $2 ({Avoid the trap} 37. Rxc5 $2 Rxh3+ $3 {[%mdl 512]} 38. Kxh3 exf3 $19) (37. fxe4 $18 {Hoping for e5.} Qb1 38. g4 (38. Rxc5 {is a self mate.} Rh1+ 39. Bxh1 Rxh3+ {[%mdl 64] NOTEXT-4839} 40. Kxh3 Qxh1+ 41. Qh2 g4+ 42. Kh4 Qxh2#)) 37... Rc1 {[#]} (37... Rxd2 $1 $11 38. Qxd2 exf3 39. Bxf3 g4) 38. Rxe4 $1 $16 Nxe4 39. Qxe4 ({Much less strong is} 39. fxe4 $6 g4 $14) 39... Qf6 $2 {[%mdl 8192]} (39... Kg7 $16) 40. Qe8+ $18 Kh7 41. Rd7 Kg7 42. Rd8 {[%csl Gd8][%cal Re8g8]} Kg6 {[#]} 43. f4 $1 {[%mdl 512] &Bg8 would kill now.} Rc2 (43... gxf4 44. Qg8+) 44. Qg8+ Kf5 45. Rd5+ {NOTEXT-4805: Tournament = 36%, Annotator = 31%.} 1-0

[Event "Marienbad Open-B2 2019"]
[Site "Marianske Lazne"]
[Date "2019.01.19"]
[Round "1.18"]
[White "Frolov, Artur"]
[Black "Jurek, Josef"]
[Result "1/2-1/2"]
[WhiteElo "2430"]
[BlackElo "2273"]
[Annotator "TA RC"]
[PlyCount "36"]
[EventDate "2019.01.17"]
[EventType "tourn"]
[EventCountry "CZE"]
[SourceTitle "playchess.com"]
[Source "ChessBase"]
[SourceQuality "1"]

{[%evp 16,17,0,-2]} 1. d4 d5 2. Nf3 Nf6 3. c4 e6 4. Nc3 Be7 5. Bg5 O-O 6. e3 h6 7. Bxf6 Bxf6 8. cxd5 exd5 9. Rc1 {LiveBook: 10 Games. D55: Queen's Gambit Declined: 4 Bg5 Be7: Lines without ...h6 and 6...h6 7 Bxf6} (9. b4 a5 10. b5 c5 11. Rc1 cxd4 12. Nxd4 Be6 13. Be2 Nd7 14. Bg4 Bxd4 15. Qxd4 Bxg4 16. Qxg4 Nf6 17. Qd4 {0-1 (52) Najer,E (2663)-Fridman,D (2665) Netanya 2009}) {Predecessor:} 9... c6 $146 10. h3 Re8 11. Bd3 Nd7 12. O-O Be7 13. a3 Bd6 14. Qc2 Nf6 15. Rfe1 Bd7 16. Bf5 Bxf5 17. Qxf5 Ne4 18. Nxe4 Rxe4 {½-½ (18) Lubbe,N (2500)-Dubiel,J (2423) Deutschland 2017} 1/2-1/2

[Event "Marienbad Open-B2 2019"]
[Site "Marianske Lazne"]
[Date "2019.01.19"]
[Round "1.19"]
[White "Ng, Jen Sheng"]
[Black "German, Nikita"]
[Result "1/2-1/2"]
[WhiteElo "2075"]
[BlackElo "2162"]
[Annotator "TA"]
[PlyCount "43"]
[EventDate "2019.01.17"]
[EventType "tourn"]
[EventCountry "CZE"]
[SourceTitle "playchess.com"]
[Source "ChessBase"]
[SourceQuality "1"]

{[%evp 16,43,-25,-8,19,10,22,22,21,23,43,43,39,0,58,47,45,12,10,0,0,0,0,0,0,-10,-7,-12,-4,-20]} 1. e4 e6 2. d4 d5 3. Nc3 Bb4 4. e5 c5 5. Bd2 Ne7 6. Nb5 Bxd2+ 7. Qxd2 O-O 8. c3 Nbc6 9. f4 Qb6 {C17: French: 3 Nc3 Bb4 4 e5 c5 sidelines} (9... Nf5 10. dxc5 b6 11. cxb6 Qxb6 12. Nf3 Rb8 13. b3 Ba6 14. Nbd4 Nfxd4 15. Nxd4 Rfc8 16. Bxa6 Qxa6 17. Kf2 {0-1 (48) Macieja,B (2524)-Espinosa Veloz,E (2524) Mexico City 2017}) 10. Nf3 Bd7 11. dxc5 Qxc5 12. Nbd4 f6 13. exf6 Rxf6 14. Be2 $146 ({Predecessor:} 14. g3 Qd6 15. Bg2 e5 16. fxe5 Nxe5 {1-0 (25) Bennett,R (1834)-McAllan,I (1998) Margate 2014}) 14... Qd6 (14... Ng6 $11) 15. g3 $1 $14 e5 16. Nxc6 Nxc6 {The position is equal.} 17. O-O-O exf4 18. Qxd5+ Qxd5 19. Rxd5 Bg4 {White must now prevent ...fxg3.} 20. Rg5 Be6 21. gxf4 Rxf4 22. Rhg1 1/2-1/2

[Event "Marienbad Open-B2 2019"]
[Site "Marianske Lazne"]
[Date "2019.01.19"]
[Round "1.20"]
[White "Kacharava, Nikolozi"]
[Black "Cerveny, Petr"]
[Result "1-0"]
[WhiteElo "2397"]
[BlackElo "2318"]
[Annotator "TA"]
[PlyCount "51"]
[EventDate "2019.01.17"]
[EventType "tourn"]
[EventCountry "CZE"]
[SourceTitle "playchess.com"]
[Source "ChessBase"]
[SourceQuality "1"]

{[%evp 25,51,22,62,-29,-21,-34,0,0,0,16,132,128,122,120,137,131,618,625,593,544,962,956,29983,29984,29984,29985,1322,677]} 1. e4 c5 2. Nf3 d6 3. d4 cxd4 4. Qxd4 Nc6 5. Bb5 Bd7 6. Bxc6 Bxc6 7. Nc3 Nf6 8. Bg5 e6 9. O-O-O Be7 10. Qd3 Qa5 11. h4 O-O 12. Nd4 {B53: Sicilian: 2...d6: Lines with Qxd4} Rfc8 13. f4 Rab8 {LiveBook: 5 Games} (13... Be8 14. Kb1 h6 15. g4 Qa6 16. Qf3 Rc4 17. e5 Rxd4 18. Rxd4 Bc6 19. Qh3 dxe5 20. fxe5 hxg5 21. hxg5 Bxh1 22. gxf6 gxf6 23. Qxh1 {½-½ (38) Movsesian,S (2659)-Mamedov,R (2650) Minsk 2015}) 14. g4 (14. Kb1 $14) 14... b5 $146 {[%cal Bb7b5,Bb5b4][%mdl 32] Strongly threatening ...b4.} ({Predecessor:} 14... Be8 15. Bxf6 Bxf6 16. g5 Bxd4 17. Qxd4 b5 18. Kb1 b4 19. Ne2 Rb6 {1-0 (33) Ulfarsson,M (2380)-Tairi,F (2298) Reykjavik 2009}) 15. Kb1 b4 16. Nxc6 Rxc6 17. Ne2 $1 {[%cal Bc3e2,Be2c1,Bc1b3][%mdl 32]} h6 (17... Rbc8 $11 {remains equal.}) 18. Bxf6 $1 $16 Bxf6 19. g5 $1 {[%cal Rg5f6]} Bc3 20. Nc1 ({Not} 20. bxc3 bxc3+ 21. Ka1 Qa3 $19) 20... hxg5 $2 {[%mdl 8192] [#]} (20... Rbc8 $16) 21. hxg5 $18 g6 22. Nb3 ({But not} 22. bxc3 $2 bxc3+ 23. Nb3 Qa3 $19) 22... Qc7 23. e5 dxe5 24. Qh3 {[%csl Gh1][%cal Rh3h8]} exf4 25. bxc3 {[%csl Gh1][%cal Rh3h8]} Qe5 26. Qh7+ {Precision: White = 69%, Black = 23%.} 1-0

[Event "Marienbad Open-B2 2019"]
[Site "Marianske Lazne"]
[Date "2019.01.20"]
[Round "2"]
[White "Plischki, Sebastian"]
[Black "Frolov, Artur"]
[Result "1/2-1/2"]
[WhiteElo "2426"]
[BlackElo "2430"]
[Annotator "TA"]
[PlyCount "33"]
[EventDate "2019.01.17"]
[EventType "tourn"]
[EventCountry "CZE"]
[SourceTitle "playchess.com"]
[Source "ChessBase"]
[SourceQuality "1"]

{[%evp 18,21,0,0,33,31]} 1. d4 Nf6 2. Nf3 g6 3. Bf4 Bg7 4. e3 O-O 5. Be2 c5 6. c3 b6 7. O-O Bb7 8. h3 d5 9. Nbd2 Nc6 {D02: 1 d4 d5 2 Nf3 sidelines, including 2...Nf6 3 g3 and 2...Nf6 3 Bf4} 10. a4 {LiveBook: 10 Games} (10. Ne5 Nd7 11. Nxc6 Bxc6 12. a4 Re8 13. Re1 Qc8 14. Nf3 Qb7 15. b4 cxb4 16. cxb4 b5 17. a5 a6 18. Rc1 {0-1 (46) Zhou,J (2615)-Yu,Y (2759) Tianjin 2018}) 10... cxd4 11. exd4 {Predecessor:} Rc8 $146 12. Bd3 Re8 13. Re1 Nh5 14. Bh2 e6 15. Nb3 f5 16. Ne5 Nf6 17. f3 {1-0 (48) Zimny,J (2087)-Otterlei,O Bergen 2001} 1/2-1/2

[Event "Marienbad Open-B2 2019"]
[Site "Marianske Lazne"]
[Date "2019.01.20"]
[Round "2"]
[White "Lukasiewicz, Krzysztof"]
[Black "Stigar, Petter"]
[Result "1/2-1/2"]
[WhiteElo "2223"]
[BlackElo "2177"]
[Annotator "ChessBase"]
[PlyCount "73"]
[EventDate "2019.01.17"]
[EventType "tourn"]
[EventCountry "CZE"]
[SourceTitle "playchess.com"]
[Source "ChessBase"]
[SourceQuality "1"]
[TimeControl "40/5400+30:1800+30"]

1. e4 {[%emt 0:00:00]} e6 {[%emt 0:00:00]} 2. d4 {[%emt 0:00:00]} d5 {[%emt 0:00:00]} 3. Nd2 {[%emt 0:00:00]} c5 {[%emt 0:00:00]} 4. exd5 {[%emt 0:00:00]} Qxd5 {[%emt 0:00:12]} 5. Ngf3 {[%emt 0:00:18]} cxd4 {[%emt 0:02:15]} 6. Bc4 {[%emt 0:00:11]} Qd6 {[%emt 0:00:15]} 7. O-O {[%emt 0:00:08]} Nf6 {[%emt 0:00:30]} 8. Nb3 {[%emt 0:00:06]} Nc6 {[%emt 0:00:15]} 9. Nbxd4 {[%emt 0:00:08]} Nxd4 {[%emt 0:00:16]} 10. Nxd4 {[%emt 0:00:04]} Be7 {[%emt 0:00:19]} 11. c3 {[%emt 0:05:55]} O-O {[%emt 0:00:30]} 12. Qf3 {[%emt 0:05:36]} Qc7 {[%emt 0:00:46]} 13. Bd3 {[%emt 0:01:14]} Bd7 {[%emt 0:00:45]} 14. Re1 {[%emt 0:01:18]} Rfe8 {[%emt 0:00:56]} 15. Bf4 {[%emt 0:04:49]} Bd6 {[%emt 0:02:09]} 16. Bxd6 {[%emt 0:01:58]} Qxd6 {[%emt 0:01:09]} 17. Rad1 {[%emt 0:01:03]} Qb6 {[%emt 0:06:47]} 18. Rd2 {[%emt 0:06:01]} Rad8 {[%emt 0:06:51]} 19. Qg3 {[%emt 0:02:12]} Bc6 {[%emt 0:11:25]} 20. Nxc6 {[%emt 0:15:36]} Qxc6 {[%emt 0:17:54]} 21. Red1 {[%emt 0:01:31]} Qb6 {[%emt 0:01:09]} 22. Qh4 {[%emt 0:02:09]} h6 {[%emt 0:04:18]} 23. Qa4 {[%emt 0:02:02]} a6 {[%emt 0:07:00]} 24. h3 {[%emt 0:08:23]} Qc7 {[%emt 0:05:19]} 25. c4 {[%emt 0:02:37]} e5 {[%emt 0:01:22]} 26. Bf1 {[%emt 0:11:28]} Rxd2 {[%emt 0:03:15]} 27. Rxd2 {[%emt 0:00:09]} e4 {[%emt 0:00:29]} 28. Qb4 {[%emt 0:05:20]} e3 {[%emt 0:06:52]} 29. fxe3 {[%emt 0:00:04]} Qg3 {[%emt 0:03:46]} 30. Re2 {[%emt 0:01:33]} Rxe3 {[%emt 0:01:32]} 31. Qd2 {[%emt 0:04:10]} Rxe2 {[%emt 0:00:37]} 32. Qxe2 {[%emt 0:00:02]} Qf4 {[%emt 0:01:18]} 33. Qf2 {[%emt 0:00:52]} Qc1 {[%emt 0:07:02]} 34. Qd4 {[%emt 0:00:27]} Qe1 {[%emt 0:01:31]} 35. Qf2 {[%emt 0:06:51]} Qc1 {[%emt 0:00:07]} 36. Qd4 {[%emt 0:06:11]} Qe1 {[%emt 0:02:49]} 37. Qf2 {[%emt 0:04:05]} 1/2-1/2

[Event "Marienbad Open-B2 2019"]
[Site "Marianske Lazne"]
[Date "2019.01.20"]
[Round "2"]
[White "Hesse, Henrik"]
[Black "Cerveny, Petr"]
[Result "0-1"]
[WhiteElo "2166"]
[BlackElo "2318"]
[Annotator "ChessBase"]
[PlyCount "138"]
[EventDate "2019.01.17"]
[EventType "tourn"]
[EventCountry "CZE"]
[SourceTitle "playchess.com"]
[Source "ChessBase"]
[SourceQuality "1"]
[TimeControl "40/5400+30:1800+30"]

1. c4 {[%emt 0:00:00]} e6 {[%emt 0:00:00]} 2. g3 {[%emt 0:00:00]} d5 {[%emt 0:00:00]} 3. Bg2 {[%emt 0:00:00]} d4 {[%emt 0:00:00]} 4. e3 {[%emt 0:07:12]} c5 {[%emt 0:00:20]} 5. exd4 {[%emt 0:02:00]} cxd4 {[%emt 0:00:09]} 6. d3 {[%emt 0:01:22]} Nc6 {[%emt 0:00:40]} 7. Nf3 {[%emt 0:00:26]} Bd6 {[%emt 0:00:28]} 8. a3 {[%emt 0:05:03]} a5 {[%emt 0:00:06]} 9. b3 {[%emt 0:01:19]} Nge7 {[%emt 0:00:53]} 10. Bb2 {[%emt 0:06:25]} e5 {[%emt 0:00:43]} 11. Nbd2 {[%emt 0:01:13]} O-O {[%emt 0:00:48]} 12. O-O {[%emt 0:06:18]} Rb8 {[%emt 0:02:03]} 13. Re1 {[%emt 0:15:40]} Bc7 {[%emt 0:12:31]} 14. c5 {[%emt 0:05:14]} Be6 {[%emt 0:05:55]} 15. Nc4 {[%emt 0:05:22]} f6 {[%emt 0:01:50]} 16. Rc1 {[%emt 0:06:03]} Bd5 {[%emt 0:00:41]} 17. Qd2 {[%emt 0:01:49]} b5 {[%emt 0:02:26]} 18. cxb6 {[%emt 0:01:37]} Bxb6 {[%emt 0:00:04]} 19. b4 Bc7 {[%emt 0:03:31]} 20. Qe2 {[%emt 0:15:40]} Rf7 {[%emt 0:05:11]} 21. bxa5 {[%emt 0:02:33]} Nxa5 {[%emt 0:01:49]} 22. Nfd2 {[%emt 0:03:07]} Nec6 {[%emt 0:14:28]} 23. Bxd5 {[%emt 0:02:58]} Qxd5 {[%emt 0:00:03]} 24. Qe4 {[%emt 0:00:15]} Qxe4 {[%emt 0:04:59]} 25. Nxe4 {[%emt 0:00:30]} Nb3 {[%emt 0:15:48]} 26. Rc2 {[%emt 0:01:45]} Rd7 {[%emt 0:05:28]} 27. Ncd2 {[%emt 0:03:33]} Nxd2 {[%emt 0:05:34]} 28. Nxd2 {[%emt 0:00:51]} Ba5 {[%emt 0:01:08]} 29. Re2 {[%emt 0:04:32]} Bxd2 {[%emt 0:00:28]} 30. Rexd2 {[%emt 0:00:07]} Ne7 {[%emt 0:03:32]} 31. Kf1 {[%emt 0:01:00]} Rdb7 {[%emt 0:01:35]} 32. Ke2 {[%emt 0:01:19]} Nd5 {[%emt 0:00:30]} 33. Rc5 {[%emt 0:00:44]} Rxb2 {[%emt 0:04:41]} 34. Rxd5 {[%emt 0:00:05]} Rxd2+ {[%emt 0:00:05]} 35. Kxd2 {[%emt 0:00:07]} Ra8 {[%emt 0:02:39]} 36. f4 {[%emt 0:00:37]} exf4 {[%emt 0:01:27]} 37. Rxd4 {[%emt 0:00:19]} fxg3 {[%emt 0:00:34]} 38. hxg3 {[%emt 0:00:05]} Rxa3 {[%emt 0:00:03]} 39. Rd7 {[%emt 0:00:51]} h5 {[%emt 0:00:31]} 40. Rd5 {[%emt 0:01:11]} Ra2+ {[%emt 0:04:23]} 41. Ke3 {[%emt 0:01:58]} g5 {[%emt 0:02:27]} 42. Rd7 {[%emt 0:04:41]} Ra4 {[%emt 0:07:59]} 43. d4 {[%emt 0:03:03]} Ra3+ {[%emt 0:00:10]} 44. Kf2 {[%emt 0:01:29]} g4 {[%emt 0:04:02]} 45. d5 {[%emt 0:04:56]} Rf3+ {[%emt 0:06:56]} 46. Kg2 {[%emt 0:00:58]} Rd3 {[%emt 0:01:48]} 47. d6 {[%emt 0:00:48]} f5 {[%emt 0:00:51]} 48. Kf2 {[%emt 0:12:29]} h4 {[%emt 0:02:56]} 49. gxh4 {[%emt 0:00:59]} f4 {[%emt 0:00:09]} 50. Re7 {[%emt 0:01:46]} g3+ {[%emt 0:05:08]} 51. Kg2 {[%emt 0:00:32]} Rd2+ {[%emt 0:00:38]} 52. Kf3 {[%emt 0:00:40]} Rf2+ {[%emt 0:01:51]} 53. Ke4 {[%emt 0:00:01]} g2 {[%emt 0:00:20]} 54. d7 {[%emt 0:00:52]} Rd2 {[%emt 0:00:09]} 55. Re8+ {[%emt 0:00:20]} Kf7 {[%emt 0:00:14]} 56. d8=Q {[%emt 0:00:31]} Rxd8 {[%emt 0:00:10]} 57. Rxd8 {[%emt 0:00:01]} g1=Q {[%emt 0:00:11]} 58. Kxf4 {[%emt 0:00:11]} Qf2+ {[%emt 0:00:50]} 59. Kg4 {[%emt 0:00:32]} Qe2+ {[%emt 0:00:21]} 60. Kg3 {[%emt 0:00:50]} Qe5+ {[%emt 0:00:30]} 61. Kg4 {[%emt 0:00:30]} Qg7+ {[%emt 0:00:55]} 62. Kh3 {[%emt 0:00:29]} Qc3+ {[%emt 0:00:05]} 63. Kg4 {[%emt 0:00:26]} Ke7 {[%emt 0:00:54]} 64. Rb8 {[%emt 0:01:16]} Qd4+ {[%emt 0:00:59]} 65. Kf3 {[%emt 0:01:48]} Qd5+ {[%emt 0:00:07]} 66. Kf2 {[%emt 0:00:52]} Qf5+ {[%emt 0:00:09]} 67. Kg2 {[%emt 0:00:37]} Qg4+ {[%emt 0:00:05]} 68. Kh1 {[%emt 0:00:10]} Qh3+ {[%emt 0:00:08]} 69. Kg1 {[%emt 0:00:03]} Qg3+ {[%emt 0:00:04]} 0-1

[Event "Marienbad Open-B2 2019"]
[Site "Marianske Lazne"]
[Date "2019.01.20"]
[Round "2"]
[White "German, Nikita"]
[Black "Kacharava, Nikolozi"]
[Result "1/2-1/2"]
[WhiteElo "2162"]
[BlackElo "2397"]
[Annotator "ChessBase"]
[PlyCount "101"]
[EventDate "2019.01.17"]
[EventType "tourn"]
[EventCountry "CZE"]
[SourceTitle "playchess.com"]
[Source "ChessBase"]
[SourceQuality "1"]
[TimeControl "40/5400+30:1800+30"]

1. e4 {[%emt 0:00:00]} d6 {[%emt 0:00:00]} 2. d4 {[%emt 0:00:00]} Nf6 {[%emt 0:00:19]} 3. Nc3 {[%emt 0:00:20]} e5 {[%emt 0:00:21]} 4. Nf3 {[%emt 0:00:52]} Nbd7 {[%emt 0:00:24]} 5. Bc4 {[%emt 0:00:20]} Be7 {[%emt 0:00:32]} 6. O-O {[%emt 0:00:31]} O-O {[%emt 0:00:24]} 7. Re1 {[%emt 0:00:32]} c6 {[%emt 0:00:38]} 8. a4 {[%emt 0:01:09]} a5 {[%emt 0:00:47]} 9. h3 {[%emt 0:06:37]} h6 {[%emt 0:00:31]} 10. b3 {[%emt 0:09:15]} Nb6 {[%emt 0:17:03]} 11. Bf1 {[%emt 0:15:18]} exd4 {[%emt 0:02:19]} 12. Nxd4 {[%emt 0:00:23]} Re8 {[%emt 0:04:39]} 13. Qf3 {[%emt 0:14:56]} Nh7 {[%emt 0:04:40]} 14. Ba3 {[%emt 0:07:42]} Bf6 {[%emt 0:08:00]} 15. Rad1 {[%emt 0:00:56]} Be5 {[%emt 0:02:32]} 16. Qe3 {[%emt 0:17:11]} Qg5 {[%emt 0:20:07]} 17. Nf3 {[%emt 0:02:27]} Qxe3 {[%emt 0:01:01]} 18. Rxe3 {[%emt 0:00:05]} Bxc3 {[%emt 0:05:55]} 19. Rxc3 {[%emt 0:00:07]} Rxe4 {[%emt 0:01:21]} 20. Rxd6 {[%emt 0:00:22]} Re8 {[%emt 0:04:08]} 21. Re3 {[%emt 0:06:36]} Be6 {[%emt 0:02:57]} 22. c4 {[%emt 0:02:40]} Nf6 {[%emt 0:03:00]} 23. Bb2 {[%emt 0:00:55]} Red8 {[%emt 0:04:02]} 24. Rxd8+ {[%emt 0:00:51]} Rxd8 {[%emt 0:00:01]} 25. Bc3 {[%emt 0:00:11]} Ra8 {[%emt 0:02:18]} 26. Re5 {[%emt 0:02:12]} Nbd7 {[%emt 0:01:57]} 27. Rxa5 {[%emt 0:00:06]} Rxa5 {[%emt 0:01:00]} 28. Bxa5 {[%emt 0:00:04]} Bf5 {[%emt 0:01:39]} 29. Be2 {[%emt 0:03:13]} c5 {[%emt 0:00:54]} 30. Bd1 {[%emt 0:01:41]} Nb8 {[%emt 0:03:28]} 31. Kf1 {[%emt 0:01:52]} Nc6 {[%emt 0:00:17]} 32. Bd2 {[%emt 0:02:50]} b6 {[%emt 0:01:12]} 33. Ke2 {[%emt 0:00:19]} Kf8 {[%emt 0:00:30]} 34. Ke3 {[%emt 0:00:38]} Ke7 {[%emt 0:00:23]} 35. Bc3 {[%emt 0:00:39]} Ke6 {[%emt 0:03:40]} 36. Ne1 {[%emt 0:01:32]} Ne8 {[%emt 0:03:07]} 37. Bc2 {[%emt 0:00:32]} Bxc2 {[%emt 0:00:47]} 38. Nxc2 {[%emt 0:00:05]} Na5 {[%emt 0:00:29]} 39. Na1 {[%emt 0:02:15]} g6 {[%emt 0:01:07]} 40. Kd3 {[%emt 0:00:50]} Nd6 {[%emt 0:00:40]} 41. Bxa5 {[%emt 0:30:47]} bxa5 {[%emt 0:30:07]} 42. Nc2 {[%emt 0:00:32]} h5 {[%emt 0:00:00]} 43. Ne3 {[%emt 0:00:00]} Nf5 {[%emt 0:00:00]} 44. Nxf5 {[%emt 0:00:00]} Kxf5 {[%emt 0:00:00]} 45. Ke3 {[%emt 0:00:00]} Ke5 {[%emt 0:00:00]} 46. g3 {[%emt 0:00:00]} f6 {[%emt 0:00:00]} 47. f4+ {[%emt 0:00:00]} Ke6 {[%emt 0:00:00]} 48. g4 {[%emt 0:00:00]} f5 {[%emt 0:00:00]} 49. Kf3 {[%emt 0:00:00]} h4 {[%emt 0:00:00]} 50. gxf5+ {[%emt 0:00:00]} gxf5 {[%emt 0:00:00]} 51. Ke3 {[%emt 0:00:00]} 1/2-1/2

[Event "Marienbad Open-B2 2019"]
[Site "Marianske Lazne"]
[Date "2019.01.21"]
[Round "3"]
[White "Frolov, Artur"]
[Black "Lukasiewicz, Krzysztof"]
[Result "1-0"]
[WhiteElo "2430"]
[BlackElo "2223"]
[Annotator "ChessBase"]
[PlyCount "109"]
[EventDate "2019.01.17"]
[EventType "tourn"]
[EventCountry "CZE"]
[SourceTitle "playchess.com"]
[Source "ChessBase"]
[SourceQuality "1"]
[TimeControl "40/5400+30:1800+30"]

1. e4 {[%emt 0:00:00]} c6 {[%emt 0:00:00]} 2. d4 {[%emt 0:00:00]} d5 {[%emt 0:00:00]} 3. Nd2 {[%emt 0:00:00]} dxe4 {[%emt 0:00:00]} 4. Nxe4 {[%emt 0:00:00]} Bf5 {[%emt 0:00:00]} 5. Ng3 {[%emt 0:00:00]} Bg6 {[%emt 0:00:00]} 6. Nf3 {[%emt 0:00:08]} Nd7 {[%emt 0:00:00]} 7. h4 {[%emt 0:00:06]} h6 {[%emt 0:00:00]} 8. h5 {[%emt 0:00:05]} Bh7 {[%emt 0:00:03]} 9. Bd3 {[%emt 0:00:07]} Bxd3 {[%emt 0:00:04]} 10. Qxd3 {[%emt 0:00:06]} e6 {[%emt 0:00:05]} 11. Bf4 {[%emt 0:00:14]} Qa5+ {[%emt 0:00:20]} 12. Bd2 {[%emt 0:00:08]} Bb4 {[%emt 0:00:03]} 13. a3 {[%emt 0:04:14]} Bxd2+ {[%emt 0:00:17]} 14. Qxd2 {[%emt 0:00:10]} Qc7 {[%emt 0:00:06]} 15. Ne4 {[%emt 0:11:13]} Ngf6 {[%emt 0:02:52]} 16. Nxf6+ {[%emt 0:01:42]} Nxf6 {[%emt 0:00:06]} 17. O-O-O {[%emt 0:00:13]} c5 {[%emt 0:02:26]} 18. Qe2 {[%emt 0:06:11]} O-O {[%emt 0:03:51]} 19. Ne5 {[%emt 0:00:45]} Rad8 {[%emt 0:06:07]} 20. dxc5 {[%emt 0:09:54]} Qxc5 {[%emt 0:02:16]} 21. g4 {[%emt 0:01:48]} Rd5 {[%emt 0:04:52]} 22. Rxd5 {[%emt 0:00:11]} Qxd5 {[%emt 0:09:41]} 23. Rd1 {[%emt 0:00:12]} Qa2 {[%emt 0:05:00]} 24. c3 {[%emt 0:00:46]} Qb3 {[%emt 0:07:29]} 25. Qc4 {[%emt 0:02:11]} Qxc4 {[%emt 0:06:17]} 26. Nxc4 {[%emt 0:00:02]} Nxg4 {[%emt 0:08:53]} 27. Rd7 {[%emt 0:00:06]} g5 {[%emt 0:05:26]} 28. f3 {[%emt 0:05:11]} Nh2 {[%emt 0:06:55]} 29. Nd2 {[%emt 0:11:59]} Rb8 {[%emt 0:12:07]} 30. c4 {[%emt 0:00:08]} g4 {[%emt 0:00:38]} 31. fxg4 {[%emt 0:00:05]} Nxg4 {[%emt 0:00:05]} 32. Ne4 {[%emt 0:00:07]} Ne5 {[%emt 0:04:17]} 33. Rc7 {[%emt 0:00:17]} b6 {[%emt 0:01:10]} 34. b4 {[%emt 0:01:29]} a5 {[%emt 0:01:38]} 35. b5 {[%emt 0:06:25]} Rd8 {[%emt 0:02:53]} 36. c5 {[%emt 0:00:33]} Nd3+ {[%emt 0:01:32]} 37. Kc2 {[%emt 0:00:58]} Nxc5 {[%emt 0:00:07]} 38. Nxc5 {[%emt 0:00:06]} bxc5 {[%emt 0:00:04]} 39. b6 {[%emt 0:00:04]} Rb8 {[%emt 0:00:54]} 40. b7 {[%emt 0:00:34]} Kg7 {[%emt 0:00:02]} 41. Kd3 {[%emt 0:30:07]} Kf6 {[%emt 0:30:05]} 42. Kc4 {[%emt 0:00:37]} Ke5 {[%emt 0:01:11]} 43. Kxc5 {[%emt 0:03:21]} f5 {[%emt 0:00:07]} 44. Kc6 {[%emt 0:00:04]} f4 {[%emt 0:00:07]} 45. Rc8 {[%emt 0:00:05]} Rxb7 {[%emt 0:00:03]} 46. Kxb7 {[%emt 0:00:08]} Ke4 {[%emt 0:01:33]} 47. Rf8 {[%emt 0:00:19]} f3 {[%emt 0:01:50]} 48. Rf6 {[%emt 0:00:33]} e5 {[%emt 0:00:52]} 49. Rxh6 {[%emt 0:05:39]} Kf5 {[%emt 0:00:22]} 50. Rh8 {[%emt 0:00:08]} e4 {[%emt 0:00:04]} 51. h6 {[%emt 0:00:19]} e3 {[%emt 0:01:00]} 52. Rf8+ {[%emt 0:00:20]} Kg4 {[%emt 0:00:10]} 53. h7 {[%emt 0:00:05]} e2 {[%emt 0:00:02]} 54. h8=Q {[%emt 0:00:15]} e1=Q {[%emt 0:00:05]} 55. Qg7+ {[%emt 0:00:13]} 1-0